000 00417nam a2200133Ia 4500
008 100328s9999 xx 000 0 und d
082 _b9801
100 _aनाडकर्णी सुरेश
245 _aबंडू वयात येतो
260 _bना.ग.आठवले
630 _aबंडू वयात येतो
730 _aबंडू वयात येतो
942 _cBOOK
999 _c505396
_d505393